000 00421cam a2200181ua 4500
020 _c80
041 _aeng
_h
082 _a301
_bROS/EP
100 _aRoss, norman P .
245 _aEpic of man /
_cP norman Ross.
_hTextual Documents
250 _a1 /
_b.
260 _aNederland :
_bTime life international ,
_c1962.
300 _a305 ; .
365 _a80
504 _a
942 _cBK
999 _c2913
_d2913